Länder nach Hauptstädten - Afrika - Statistiken

Allgemein
  • Dieses Quiz wurde 137 mal gespielt
  • Das Durchschnittsergebnis liegt bei 28 aus 54
Antwortstatistiken
Hauptstadt Land % Korrekt
Algier Algerien
100%
Rabat Marokko
95%
Kairo Ägypten
92%
Addis Abeba Äthiopien
84%
Tripolis Libyen
84%
Tunis Tunesien
83%
São Tomé São Tomé und Principe
81%
Dschibuti Dschibuti
78%
Nairobi Kenia
78%
Dakar Senegal
75%
Windhoek Namibia
73%
Kinshasa Demokratische Republik Kongo
68%
Accra Ghana
68%
Bissau Guinea-Bissau
68%
Pretoria Südafrika
67%
Antananarivo Madagaskar
64%
Luanda Angola
59%
Mogadischu Somalia
59%
Khartum Sudan
53%
Brazzaville Republik Kongo
52%
Ouagadougou Burkina Faso
51%
Monrovia Liberia
51%
Kampala Uganda
51%
Freetown Sierra Leone
50%
Abuja Nigeria
49%
Victoria Seychellen
47%
Asmara Eritrea
45%
Juba Südsudan
45%
Yamoussoukro Elfenbeinküste
44%
Port Louis Mauritius
43%
Yaounde/Jaunde Kamerun
42%
Niamey Niger
41%
Harare Simbabwe
41%
Dodoma Tansania
41%
Bangui Zentralafrikanische Republik
41%
Lilongwe Malawi
40%
Kigali Ruanda
40%
N‘Djamena Tschad
40%
Gaborone Botswana
39%
Maseru Lesotho
39%
Conakry Guinea
38%
Praia Kap Verde
38%
Maputo Mosambik
38%
Lomé Togo
38%
Bamako Mali
36%
Nouakchott Mauretanien
36%
Libreville Gabun
35%
Lusaka Sambia
35%
Porto Novo Benin
34%
Banjul Gambia
33%
Mbabane Eswatini
30%
Gitega Burundi
28%
Moroni Komoren
28%
Malabo Äquatorialguinea
27%
Keine übereinstimmenden Quizze gefunden
Verteilung der Resultate
Anzahl Personen mit jedem Resultat
Perzentil nach korrekt beantworteten Fragen
Ihre Resultats-Entwicklung
Sie haben dieses Quiz noch nicht gespielt